Divina comedia
Kaydedildi:
| Yazar: | |
|---|---|
| Diğer Yazarlar: | |
| Materyal Türü: | Kitap |
| Dil: | İtalyanca İspanyolca |
| Baskı/Yayın Bilgisi: |
Barcelona, España
Galaxia Gutenberg S.L
2016
|
| Konular: | |
| Etiketler: |
Etiketle
Etiket eklenmemiş, İlk siz ekleyin!
|
MARC
| LEADER | 00000cam a2200000 a 4500 | ||
|---|---|---|---|
| 001 | UCC8300 | ||
| 003 | CL-VaPUC | ||
| 005 | 20230121074308.0 | ||
| 008 | 190617e20160000sp |||||||||||||||||ita|d | ||
| 020 | |a 9788416734269 |q v.1 | ||
| 040 | |c Pontificia Universidad Católica de Valparaíso | ||
| 041 | 0 | 7 | |a ita |2 CL-VaPUC |
| 041 | 0 | 7 | |a spa |2 CL-VaPUC |
| 082 | 0 | 4 | |a 851 ALI 2016 |2 21 |
| 100 | |a Alighieri, Dante |e autor |9 396 | ||
| 245 | 1 | 0 | |a Divina comedia |
| 260 | |a Barcelona, España |b Galaxia Gutenberg S.L |c 2016 | ||
| 300 | |a 1 volumen | ||
| 500 | |a Obra ilustrada por | ||
| 505 | |a v.1. Infierno | ||
| 583 | |a last modification |c 20190617 11:18:00 |k Rodrigo Vera | ||
| 650 | 0 | |a Poesías italianas |9 265352 | |
| 650 | 0 | |a Literatura italiana |9 266970 | |
| 700 | |a Barceló, Miquel |e ilustrador |9 856752 | ||
| 852 | |a BIBARQ | ||
| 942 | |c BK |2 ddc | ||
| 945 | |d 20190617 11:18:00 |a dcastane | ||
| 999 | |c 374650 |d 374648 | ||
| 952 | |0 0 |1 0 |3 erd |4 0 |6 851_000000000000000_ALI_2016 |7 0 |8 R |9 493290 |a BIBARQ |b BIBARQ |d 2019-06-12 |e 3 |g 38823.00 |h t.1 |i 5552249 |l 8 |m 1 |o 851 ALI 2016 |p 5552249 |r 2025-01-20 |s 2024-04-10 |v 38823.00 |w 2019-11-24 |y BK_R |z Catalogado en:20190617 |k ARQ | ||
| 952 | |0 0 |1 0 |2 ddc |4 0 |6 851_000000000000000_ALI_2016 |7 0 |8 A |9 494859 |a BIBART |b BIBART |d 2019-11-29 |e 62 |g 55399.00 |h t.1 |i 5566614 |o 851 ALI 2016 |p 5566614 |r 2025-03-13 |v 55399.00 |w 2019-11-29 |y BK | ||